01028naa#a2200193#i#4500001001600000005001700016011001400033100004100047102000700088200026800095210005800363215001100421608004500432675017300477700005800650700006200708700005200770856001200822RU\\bibl\11490320260601223129.1##a2588-0209##a20260227b2026####ek#y0rusy0150####ca##aRU1#aАВТОМАТИЗАЦИЯ ПРОЦЕССА СБОРА ИНФОРМАЦИИ ДЛЯ КАДАСТРОВОЙ ОЦЕНКИ ЗЕМЕЛЬНЫХ УЧАСТКОВ С ПРИМЕНЕНИЕМ НЕЙРОСЕТЕВЫХ ТЕХНОЛОГИЙeЖурнальная статья1#aМоскваcЭлектронная наукаd2026##a25 с.##aЖурнальная статья2local##aЦена земли. Цена недвижимости. Продуктивность земли. Рента. 332.6aИскусственный интеллект. 004.8#1aБарсуковаgГалина Николаевна#1aЛысенкоgАлександр Анатольевич#1aПузановаgДарья Сергеевна4#aiacj.ru